The cost of disinflation and the European monetary system
Αποθηκεύτηκε σε:
| Κύριος συγγραφέας: | |
|---|---|
| Μορφή: | Βιβλίο |
| Γλώσσα: | English |
| Δημοσίευση: |
Brussels :
CEPS,
1989
|
| Σειρά: | CEPS working documents ;
; 40 |
| Θέματα: | |
| Ετικέτες: |
Προσθήκη ετικέτας
Δεν υπάρχουν, Καταχωρήστε ετικέτα πρώτοι!
|
MARC
| LEADER | 00000cam a2200000 i 4500 | ||
|---|---|---|---|
| 001 | 1/20748 | ||
| 008 | 960705s1989 eng d | ||
| 020 | |a 92-9079-094-6 | ||
| 035 | |l 10021602 | ||
| 040 | |a GR-MY-UA |b gre |e aacr | ||
| 041 | 0 | |a eng | |
| 082 | 0 | |a 332.494 | |
| 100 | 1 | |a Grauwe, Paul de. | |
| 245 | 1 | 4 | |a The cost of disinflation and the European monetary system / |c Paul De Grauwe |
| 260 | |a Brussels : |b CEPS, |c 1989 | ||
| 300 | |a 36 p.; |b ill.; |c 30 cm | ||
| 490 | 1 | |a CEPS working documents |v ; 40 | |
| 650 | 0 | 0 | |a Deflation (Finance) |
| 650 | 0 | 0 | |a Monetary policy |z European Economic Community countries. |
| 830 | 0 | |a CEPS working documents ; |v ; 40 | |
| 852 | |a INST |b CHIOS |e 19960705 |h 332.494 GRA |p 005200001464 |q 005200001464 |t BK |y 0 | ||
| 909 | |a Χ |b 039951 | ||
| 922 | |a 2ΕΛΗ |b 199506 |c ΑΛΕΞΑΚΗΣ | ||
| 970 | |z 2000/08/ΔΕΜΕΝΑΓΑΣ | ||